Southville International School and Colleges

Tuesdays with Morrie / (Record no. 344351)

000 -LEADER
fixed length control field 00426nam a2200181Ia 4500
008 - FIXED-LENGTH DATA ELEMENTS--GENERAL INFORMATION
fixed length control field 170918s9999 xx 000 0 und d
020 ## - INTERNATIONAL STANDARD BOOK NUMBER
International Standard Book Number 9780385496490
050 ## - LIBRARY OF CONGRESS CALL NUMBER
Item number A339 1997
100 ## - MAIN ENTRY--PERSONAL NAME
Personal name Albom, Mitch
245 ## - TITLE STATEMENT
Title Tuesdays with Morrie /
245 ## - TITLE STATEMENT
Statement of responsibility, etc by Mitch Albom.
260 ## - PUBLICATION, DISTRIBUTION, ETC. (IMPRINT)
Place of publication, distribution, etc New York :
260 ## - PUBLICATION, DISTRIBUTION, ETC. (IMPRINT)
Name of publisher, distributor, etc Anchor Books,
260 ## - PUBLICATION, DISTRIBUTION, ETC. (IMPRINT)
Date of publication, distribution, etc 1997
300 ## - PHYSICAL DESCRIPTION
Extent 192 pages :
300 ## - PHYSICAL DESCRIPTION
Other physical details illustrations ;
300 ## - PHYSICAL DESCRIPTION
Dimensions 19cm.
Holdings
Withdrawn status Date acquired Permanent Location Full call number Date last seen Lost status Current Location Price effective from Damaged status Koha item type Barcode
 2017-09-18Stonyhurst Southville International School (Malarayat)FIC A339 19972017-09-18 Stonyhurst Southville International School (Malarayat)2017-09-18 BooksSSISM3423
Powered by Koha